000 00450nam a2200157 i 4500
001 65619
003 ES-MaACL
005 20230906165428.0
007 t|
008 040119s1966 sp ||||1| spa d
100 1 _aFuentenebro, Francisco.
_952886
245 1 3 _aUn escritor en Salamanca /
_cFrancisco Fuentenebro.
260 _aSalamanca :
_b[s.n.,
_c1966] (
_fGráf. Cervantes)
300 _a214 p. ;
_c17 cm.
852 _aES-MaACL
_jC-29678
_bR.60017
999 _c65619
_d65619